| 000 | 00623nam a2200205Ia 4500 | ||
|---|---|---|---|
| 008 | 240729s9999 xx 000 0 und d | ||
| 022 | _a1857-5625 | ||
| 245 | 0 | _aMacedonian Journal of Chemistry and Chemical Engineering | |
| 260 | _aNorth Macedonia | ||
| 260 | _bSociety of Chemists and Technologists of Macedonia | ||
| 650 | _a Biochemistry | ||
| 650 | _a Chemical engineering | Science | ||
| 650 | _a Chemical technology | ||
| 650 | _a Chemistry | ||
| 650 | _a Organic chemistry | ||
| 650 | _aTechnology | ||
| 856 | _uhttps://doaj.org/toc/a90f2cd01e0e46ad8a648fb97a94451a | ||
| 942 | _2ddc | ||
| 942 | _cDOAJEJ | ||
| 999 |
_c69338 _d69338 |
||
| 945 |
_a1 _bMadushi Gamage _c1 _dMadushi Gamage |
||